00630nam a2200193Ii 450000100060000000300090000600800410001502000180005604000330007404100080010708200200011510000310013524501070016626400700027330000120034333600260035533700280038133800270040915125CO-ViMGA241108s9999||||xx |||||||||||||| ||und|| a9789588471457 aCO-ViMGAbspaerdacCO-ViMGA0 aspa04a923.286120 A91i1 aGilberto Alzate Avendaño10aInventando al Mariscal :bGilberto Alzate Avendaño, circularidad ideológica y mímenis política 1aBogotá, Colombia : Fundación Gilberto Alzate Avendaño, 2010 avolumen atextbtxt2rdacontent aunmediatedbn2rdamedia avolumebnc2rdacarrier